Pomáha celý svet, no našli sa aj príživníci

Obchodné reťazce spojili sily s neziskovými organizáciami a prostredníctvom verejných zbierok, uvoľnenia pracovných miest a finančnej podpory pomáhajú Ukrajine. Podvodníci na seba nedali dlho čakať a krátko po začiatku konfliktu vzniklo množstvo falošných humanitárnych zbierok. Aké sú možnosti na ov...

Descrizione completa

Salvato in:
Dettagli Bibliografici
Autore principale: Alenová, Gabriela
Natura: Capitolo di libro
Lingua:slovacco
Soggetti:
Tags: Aggiungi Tag
Nessun Tag, puoi essere il primo ad aggiungerne!!

MARC

LEADER 00000naa a2200000 4500
001 0283349
005 20240417075202.9
041 0 |a slo 
044 |a SK 
245 1 0 |a Pomáha celý svet, no našli sa aj príživníci  |c Gabriela Alenová 
520 |a Obchodné reťazce spojili sily s neziskovými organizáciami a prostredníctvom verejných zbierok, uvoľnenia pracovných miest a finančnej podpory pomáhajú Ukrajine. Podvodníci na seba nedali dlho čakať a krátko po začiatku konfliktu vzniklo množstvo falošných humanitárnych zbierok. Aké sú možnosti na overenie legitimity daných zbierok. Darcovský systém SR pre Ukrajinu. 
610 2 0 |a vojny 
610 2 0 |a pomoc humanitárna 
610 2 0 |a zbierky verejné 
610 2 0 |a reťazce obchodné 
610 2 0 |a Ukrajina 
100 1 |a Alenová, Gabriela